LAUTECH

Rethinking employment policy. (Record no. 24047)

MARC details
000 -LEADER
fixed length control field 00236nam a2200097Ia 4500
008 - FIXED-LENGTH DATA ELEMENTS--GENERAL INFORMATION
fixed length control field 120527s9999 xx 000 0 und d
100 ## - MAIN ENTRY--AUTHOR
Author BAWDEN,D.LEE.
245 ## - TITLE STATEMENT
Title Rethinking employment policy.
260 ## - PUBLICATION, DISTRIBUTION, ETC. (IMPRINT)
Name of publisher Urban Institute.
942 ## - ADDED ENTRY ELEMENTS (KOHA)
Item type Books
Holdings
Not for loan Home library Current library Shelving location Date acquired Accen. No. Koha item type
  OLUSEGUN OKE LIBRARY LAUTECH OLUSEGUN OKE LIBRARY LAUTECH   28/05/2012 18645 Books